Capitals of Dominican Republic Provinces - Statistics

General Stats
  • This quiz has been taken 134 times
  • The average score is 17 of 32
Answer Stats
Hint Answer % Correct
Azua Azua
91%
Dajabón Dajabón
86%
Barahona Santa Cruz de Barahona
86%
Distrito Nacional Santo Domingo
77%
Puerto Plata Puerto Plata
73%
El Seibo Santa Cruz de El Seibo
73%
La Vega La Vega
68%
San Cristóbal San Cristóbal
68%
San Pedro de Macoris San Pedro de Macoris
68%
Samaná Santa Bárbara de Samaná
68%
Monte Plata Monte Plata
64%
Pedernales Pedernales
64%
Monte Cristi San Fernando de Monte Cristi
64%
San José de Ocoa San José de Ocoa
64%
La Romana La Romana
59%
Duarte San Francisco de Macorís
59%
Espaillat Moca
55%
Baoruco Neiba
55%
La Altagracia Salvaleón de Higüey
50%
Santiago Santiago de los Caballeros
50%
Valverde Mao
45%
Peravia Baní
41%
Monseñor Nouel Bonao
41%
Santo Domingo Santo Domingo Este
41%
Elías Piña Comendador
32%
Independencia Jimaní
32%
María Trinidad Sánchez Nagua
32%
Hermanas Mirabal Salcedo
32%
San Juan San Juan de la Maguana
32%
Sánchez Ramírez Cotuí
27%
Hato Mayor Hato Mayor del Rey
18%
Santiago Rodriguez San Ignacio de Sabaneta
14%
No matching quizzes found
Score Distribution
Percent of People with Each Score
Percentile by Number Answered
Your Score History
You have not taken this quiz